|
|
|
|
| LEADER |
00000nam0a2200000 4500 |
| 001 |
177011 |
| 005 |
20231101223316.0 |
| 010 |
|
|
|a 9785922111461
|
| 035 |
|
|
|a (RuTPU)RU\TPU\book\191917
|
| 090 |
|
|
|a 177011
|
| 100 |
|
|
|a 20100310d2009 m y0rusy50 ca
|
| 101 |
0 |
|
|a rus
|
| 102 |
|
|
|a RU
|
| 105 |
|
|
|a y j 001zy
|
| 200 |
1 |
|
|a Математический анализ в задачах и упражнениях
|e учебное пособие
|f С. В. Злобина, Л. Н. Посицельская
|
| 210 |
|
|
|a Москва
|c Физматлит
|d 2009
|
| 215 |
|
|
|a 360 с.
|
| 225 |
1 |
|
|a Математика. Прикладная математика
|
| 320 |
|
|
|a Библиогр.: с. 360.
|
| 330 |
|
|
|a Пособие написано на основе многолетнего опыта преподавания математического анализа в вузах и охватывает все разделы дифференциального и интегрального исчисления функций одной действительной переменной. По каждой теме даны краткие теоретические сведения и упражнения, решения задач, задачи для самостоятельной работы и задания для контрольных работ.Пособие предназначено студентам высших и средних специальных учебных заведений. Будет полезно также учителям математики, ученикам профильных физико-математических классов и школьникам, интересующимся математикой.
|
| 606 |
1 |
|
|a Математический анализ
|2 stltpush
|3 (RuTPU)RU\TPU\subj\41236
|9 61042
|
| 610 |
1 |
|
|a высшая математика
|
| 610 |
1 |
|
|a дифференциальное исчисление
|
| 610 |
1 |
|
|a интегральное исчисление
|
| 610 |
1 |
|
|a функции одной переменной
|
| 610 |
1 |
|
|a числовые множества
|
| 610 |
1 |
|
|a пределы
|
| 610 |
1 |
|
|a непрерывность функции
|
| 610 |
1 |
|
|a производные
|
| 610 |
1 |
|
|a дифференциалы
|
| 610 |
1 |
|
|a дифференцируемые функции
|
| 610 |
1 |
|
|a неопределенные интегралы
|
| 610 |
1 |
|
|a определенные интегралы
|
| 610 |
1 |
|
|a несобственные интегралы
|
| 610 |
1 |
|
|a решение задач
|
| 610 |
1 |
|
|a самостоятельная работа
|
| 610 |
1 |
|
|a учебные пособия
|
| 675 |
|
|
|a 517(076)
|v 3
|
| 700 |
|
1 |
|a Злобина
|b С. В.
|g Светлана Васильевна
|
| 701 |
|
1 |
|a Посицельская
|b Л. Н.
|g Любовь Наумовна
|
| 801 |
|
1 |
|a RU
|b 63413507
|c 20100310
|
| 801 |
|
2 |
|a RU
|b 63413507
|c 20200826
|g RCR
|
| 900 |
|
|
|a Математический анализ
|
| 942 |
|
|
|c BK
|
| 951 |
|
|
|b 010000
|
| 959 |
|
|
|a 13/20100310
|d 1
|e 517,00
|f ЧЗТЛ:1
|